<?xml version="1.0" encoding="UTF-8"?>
<record
    xmlns:xsi="http://www.w3.org/2001/XMLSchema-instance"
    xsi:schemaLocation="http://www.loc.gov/MARC21/slim http://www.loc.gov/standards/marcxml/schema/MARC21slim.xsd"
    xmlns="http://www.loc.gov/MARC21/slim">

  <leader>00857nam a2200289 a 4500</leader>
  <datafield tag="999" ind1=" " ind2=" ">
    <subfield code="c">23294</subfield>
    <subfield code="d">23294</subfield>
  </datafield>
  <controlfield tag="001">vtls010468986</controlfield>
  <controlfield tag="005">20220823091549.0</controlfield>
  <controlfield tag="008">150707s2012    xr habc  e    001 0 slo  </controlfield>
  <datafield tag="020" ind1=" " ind2=" ">
    <subfield code="a">9788073608347 (viaz.)</subfield>
  </datafield>
  <datafield tag="040" ind1=" " ind2=" ">
    <subfield code="a">SNK</subfield>
    <subfield code="b">slo</subfield>
    <subfield code="c">SNK</subfield>
    <subfield code="e">AACR2</subfield>
  </datafield>
  <datafield tag="041" ind1="0" ind2=" ">
    <subfield code="a">slo</subfield>
  </datafield>
  <datafield tag="044" ind1=" " ind2=" ">
    <subfield code="a">xr</subfield>
    <subfield code="c">CZ</subfield>
  </datafield>
  <datafield tag="072" ind1=" " ind2="7">
    <subfield code="a">94(437)</subfield>
    <subfield code="x">Dejiny &#x10C;eska a Slovenska</subfield>
    <subfield code="2">konspekt</subfield>
  </datafield>
  <datafield tag="080" ind1=" " ind2=" ">
    <subfield code="a">94(437.6)</subfield>
    <subfield code="2">2008</subfield>
  </datafield>
  <datafield tag="080" ind1=" " ind2=" ">
    <subfield code="a">(031)</subfield>
    <subfield code="2">2008</subfield>
  </datafield>
  <datafield tag="245" ind1="0" ind2="0">
    <subfield code="a">Ottov historick&#xFD; atlas</subfield>
    <subfield code="b">Slovensko</subfield>
    <subfield code="c">zostavil Pavol Kr&#x161;&#xE1;k</subfield>
  </datafield>
  <datafield tag="246" ind1="3" ind2="0">
    <subfield code="a">Slovensko</subfield>
  </datafield>
  <datafield tag="250" ind1=" " ind2=" ">
    <subfield code="a">aktualizovan&#xE9; vyd.</subfield>
  </datafield>
  <datafield tag="260" ind1=" " ind2=" ">
    <subfield code="a">Praha</subfield>
    <subfield code="b">Ottovo nakladatelstv&#xED;</subfield>
    <subfield code="c">2012</subfield>
  </datafield>
  <datafield tag="300" ind1=" " ind2=" ">
    <subfield code="a">560 s.</subfield>
    <subfield code="b">ilustr., portr&#xE9;ty, mapy, faksim.</subfield>
    <subfield code="c">31 cm</subfield>
  </datafield>
  <datafield tag="651" ind1=" " ind2="7">
    <subfield code="a">Slovensko</subfield>
    <subfield code="x">dejiny</subfield>
    <subfield code="2">snkph</subfield>
    <subfield code="9">1981</subfield>
  </datafield>
  <datafield tag="655" ind1=" " ind2="7">
    <subfield code="a">encyklop&#xE9;die</subfield>
    <subfield code="2">snkph</subfield>
    <subfield code="9">1494</subfield>
  </datafield>
  <datafield tag="700" ind1="1" ind2=" ">
    <subfield code="a">Kr&#x161;&#xE1;k, Pavol,</subfield>
    <subfield code="d">1932-1993</subfield>
    <subfield code="4">edt</subfield>
    <subfield code="9">3282</subfield>
  </datafield>
  <datafield tag="958" ind1=" " ind2=" ">
    <subfield code="a">ZS</subfield>
  </datafield>
  <datafield tag="958" ind1=" " ind2=" ">
    <subfield code="a">CZ</subfield>
  </datafield>
  <datafield tag="958" ind1=" " ind2=" ">
    <subfield code="a">NB</subfield>
  </datafield>
  <datafield tag="952" ind1=" " ind2=" ">
    <subfield code="0">0</subfield>
    <subfield code="1">0</subfield>
    <subfield code="2">udc</subfield>
    <subfield code="4">0</subfield>
    <subfield code="7">0</subfield>
    <subfield code="8">D</subfield>
    <subfield code="a">10000</subfield>
    <subfield code="b">10000</subfield>
    <subfield code="d">2022-08-23</subfield>
    <subfield code="i">21627</subfield>
    <subfield code="l">4</subfield>
    <subfield code="m">12</subfield>
    <subfield code="o">S1531</subfield>
    <subfield code="p">S1531</subfield>
    <subfield code="q">2026-06-10</subfield>
    <subfield code="r">2026-02-02</subfield>
    <subfield code="s">2026-02-02</subfield>
    <subfield code="w">2022-08-23</subfield>
    <subfield code="y">OLDO</subfield>
  </datafield>
</record>
